000 00733cam a22002653a 4500
001 3024
003 PGUSA
005 20140828083024.0
008 020101s2002||||xxu|||||s|||||000 1 eng d
040 _aPGUSA
_beng
042 _adc
050 4 _aPS
100 1 _aFox, John,
_d1863-1919
245 1 4 _aThe Last Stetson
_h[electronic resource] /
_cJohn Fox
260 _bProject Gutenberg,
_c2002
506 _aPublic domain in the USA.
516 _aElectronic text
653 _aMountain life -- Fiction
653 _aKentucky -- Fiction
653 _aCumberland Mountains -- Fiction
653 _aVendetta -- Fiction
830 0 _aProject Gutenberg
_v3024
856 4 0 _uhttp://www.gutenberg.org/ebooks/3024
942 _cEB
999 _c232353
_d232353